000 00757nam a2200229Ia 4500
001 9189
003 GE_BSU
008 181216s||||||||xx |||||||||||||| ||und||
040 _cGE_BSU
080 _a821.353.1–32
100 _aლორთქიფანიძე,კონსტანტინე
245 _aუკვდავება.
245 _bმოთხრობები
245 _cრედ.შ.სულაბერიძე,მხატვ.გ.გორდელაძე
260 _aთბილისი
260 _bსახელგამი
260 _c1954
300 _a210გვ.1ფ.პორტრ.21სმ.
653 _aმოთხრობები
653 _aუკვდავება.
942 _cBK
999 _c42492
_d42492